000 01526 am a2200361 a 4500
005 20240222134558.0
008 100701s2000||||ag # f |||| 001 0 spa d
020 _a9508920955
041 _aspa
092 _c614.4072
_l3
_sALM
100 1 _aAlmeida-Filho, Naomar de.
_91108
245 3 _aLa ciencia tímida.
_bEnsayos de deconstrucción de la epidemiología /
_cNaomar de Almeida-Filho.
250 _a1a ed.
_bTraducción Marcio Alazraqui.
260 _aBuenos Aires:
_bLugar Editorial;
_c2000.
300 _a327 p.
500 _aAlmeida-Filho, N. (2000). La ciencia tímida. Ensayos de deconstrucción de la epidemiología. (1a ed.). Buenos Aires : Lugar Editorial.
590 _aDonación Editorial Lugar, Nov. 2005
653 _aCrítica teórica de la espistemología
653 _aEpistemología, pragmatismo y realismo científico
653 _aCrónica histórica de una ciencia tímida
653 _aRiesgo: objeto-modelo de la epistemología
653 _aClínica y epistemología: dos reinas, dos reinos, una lucha
653 _aEpistemologías sociales (o la paradoja de una redundancia)
653 _aEpistemología del modo de vida
653 _aSuperación del positivismo epistemológico
653 _aMetodología epistemológica
653 _aEpistemología y sus paradigmas
653 _aDeconstrucción del concepto de riesgo
653 _aDeconstrucción del causalismo epistemológico
653 _aNuevos objetos, nueva epistemología
930 _a1356
942 _2ddc
_cBK
999 _c461
_d461